000 01090njm a2200301Ia 4500
001 27493
003 IT-RoPAU
005 20220918181143.0
008 131025s9999 xx 000 0 und d
040 _aIT-RoPAU
040 _cIT-RoPAU
041 _aITALIANO
999 _c101412
_d101412
999 _bn.d.
100 _aCeragioli Enzo
_91389
100 _eAutore musica
_918290
100 _gCodice autore musica SPICS: 13191
_91391
245 _aCanti spirituali
250 _a1a ed.
260 _aMILANO
260 _bECO
_c1969 [1a Ed.:1969 - Ed. Lingua Orig.: 1969]
300 _aDISCO
500 _aMusica religiosa. Canti spirituali. Spirituals
505 _aMa il terzo giorno - Voglio ritornare - La fonte - Il mio corpo lascierò - Nessuno sa - Sulla montagna - Se tu vieni - Son io Signor - Tieni viva la tua fiamma - Il piccolo David
650 _aSPIRITUALS [DISCHI]
_eCodice MATERIA SPICS: 9950
_91392
700 _aCosta A.
_eAutore testo e musica
_gCodice autore testo/musica SPICS: 13206
_918291
700 _aVarnavà S.
_eAutore
_gCodice autore SPICS: 13200
_918292
942 _cMD
_2ddc